Central Library OPAC University of Rajshahi

The agricultural regions of the United States / (Record no. 14744)

MARC details
000 -LEADER
fixed length control field 00892cam a22002651 4500
001 - CONTROL NUMBER
control field 14744
003 - CONTROL NUMBER IDENTIFIER
rucl marc code BD-RjUL
005 - DATE AND TIME OF LATEST TRANSACTION
control field 20211208235701.0
008 - FIXED-LENGTH DATA ELEMENTS--GENERAL INFORMATION
fixed length control field 140208s1955 okuab b 000 0 eng d
035 ## - SYSTEM CONTROL NUMBER
System control number (BD-RjUL)14798
System control number (OCoLC)557738
040 ## - CATALOGING SOURCE
Original cataloging agency DLC
Transcribing agency ODaWU
Modifying agency OCoLC
-- Uk
-- DLC
-- BD-RjUL
Language of cataloging eng
041 ## - LANGUAGE CODE
Language code of text/sound track or separate title eng
082 ## - DEWEY DECIMAL CLASSIFICATION NUMBER
Classification number 333.76
Author mark and year HAA 1955
100 1# - MAIN ENTRY--PERSONAL NAME
Personal name Haystead, Ladd,
Dates associated with a name 1903-
9 (RLIN) 45933
245 14 - TITLE STATEMENT
Title The agricultural regions of the United States /
Statement of responsibility, etc. Ladd Haystead & Gilbert C. Fite.
260 ## - PUBLICATION, DISTRIBUTION, ETC. (IMPRINT)
Place of publication, distribution, etc. Norman :
Name of publisher, distributor, etc. University of Oklahoma Press,
Date of publication, distribution, etc. c1955
300 ## - PHYSICAL DESCRIPTION
Pagination xx, 288 p. :
Illustrations illus., maps (part fold.) ;
Size 23 cm.
504 ## - BIBLIOGRAPHY, ETC. NOTE
Bibliography, etc "Notes on sources and additional reading": p. 276-280.
650 #0 - SUBJECT ADDED ENTRY--TOPICAL TERM
Topical term or geographic name as entry element Agriculture
Geographic subdivision United States.
9 (RLIN) 45934
700 1# - ADDED ENTRY--PERSONAL NAME
Personal name Fite, Gilbert Courtland,
Dates associated with a name 1918-
Relator term joint author.
942 ## - ADDED ENTRY ELEMENTS (KOHA)
Source of classification or shelving scheme Dewey Decimal Classification
Koha item type Books
Holdings
Lost status Source of classification or shelving scheme Damaged status Not for loan Collection code Permanent Location Current Location Shelving location Date acquired Source of acquisition Cost, normal purchase price Total Checkouts Full call number Date last seen Copy number Koha item type
  Dewey Decimal Classification   Not For Loan Non-fiction Central Library, University of Rajshahi Central Library, University of Rajshahi Reading Room 05/11/1956 Black well 17.12   333.76 HAA 1955 08/02/2014 C-1 Books
  Dewey Decimal Classification     Non-fiction Central Library, University of Rajshahi Central Library, University of Rajshahi   18/10/1962 Zeitlinger 42.00   333.76 HAA 1956 03/06/2017 C-2 Books